000 00517nam a2200181Ia 4500
005 20250508160213.0
008 008 250505s9999 xx 000 0 eng d
037 _aBooks to be hide in OPAC
040 _aFEDL
_beng
_cFEDL
041 _aeng
_2eng
084 _a370.943, GER/O
_qFEDL
100 _aKandel I L
245 0 _aEducation in Germany
260 _aWashington, USA
_bU.S. Government Printing Office
_c1919
300 _a21p.
942 _cHB
_h370.943, GER/O
999 _c1362649
_d1362649